01199pab a2200229 454500008004000000100001800040245005000058260000900108300001300117362001100130520046100141650004100602650004500643650002800688650005200716650002600768773003400794908000600828909001100834999001900845952010500864180718b2014 xxu||||| |||| 00| 0 eng d aNageshwar, K. aParliament, state legislature and bifurcation c2014 ap.28-31. a18 May aIn the context of the proposed division of Andhra Pradesh the question arises, what is the due process for reorganising states? The Constitution and various judgments of the Supreme Court are quite clear that Parliament has the unequivocal power in deciding matters relating to reorganisation of the states. Any debate regarding the constitutional provisions is more in the realm of politics than about any interpretation of the Constitution. - Reproduced. aAndhra Pradesh. Legislative Assembly aAndhra pradesh - Politics and government aPolitics and government aAdmiinistrative reform - India - Andhra Pradesh aAdministrative reform aEconomic and Political Weekly aN a105556 c105551d105551 00104070aIIPAbIIPAd2018-07-19hVolume no: 49, Issue no: 3pAR106016r2018-07-19w2018-07-19yAR